Abidjan - Culture générale - Statistiques

Statistiques générales
  • Ce quiz a été pris 90 fois
  • Le résultat moyen est 11 sur 15
Statistiques - réponses
Information Réponse % Correct
Pays dont la ville est la plus grande ville Côte d'Ivoire
96%
Langue officielle à Abidjan Français
89%
Ville qui a pourtant pris son statut de capitale en 1983 Yamoussoukro
88%
Océan dont ce dernier fait partie Océan Atlantique
87%
Compétition continentale de football qui a vu l'équipe nationale l'emporté en 2023 au Stade Alassane Ouattara Coupe d'Afrique des Nations
86%
Genre musical (et philosophie de vie) devenu très populaire dans la ville Coupé-{décalé}
82%
Moyen de transport qui devrait servir la ville dès 2028, le septième en Afrique Métro
82%
Meilleur buteur de sa sélection, légende de Chelsea et de l'OM Didier Drogba
80%
Groupe à l'origine du tube mondial Magic in the air (allez, allez, allez) (2014) Magic System
80%
Premier président de la République et ancien maire d'Abidjan, son nom est porté entre autres par l'aéroport international Félix Houphouët-Boigny
66%
Grand golfe qui baigne la ville Golfe de Guinée
63%
Ce qu'est le robusta, torréfié et consommé à Abidjan Café
58%
Quartier d'affaires qui est aussi où le Parlement réside encore Le Plateau
55%
Film d'Alain Poiré avec Jean Marais (1965), il se déroule dans une commune d'Abidjan Le Gentleman de {Cocody}
43%
Bois tropical commençant par A, transformé dans la ville et exporté depuis plus de deux siècles Acajou
38%
Aucun quiz correspondant
Distribution des résultats
% des personnes avec chaque résultat
Percentile par nombre de réponses
Votre historique - résultats
Vous n’avez pas pris ce quiz